LEADER 01413nam a2200289 a 4500 001 000000037468 003 CaOOAMICUS 005 20130628114222.0 008 980407s1953 it u000 u ita r 035 $a10789486 040 $aPUL(R)$bita 110 1 $aJugoslavia.$0(OLS)http://pul/name/98383 240 10$aCostituzione$9(Iugoslavia).$0(OLS)http://pul/title/51009 245 13$aLa Costituzione della Repubblica federativa popolare di Jugoslavia :$bla legge costituzionale del 13.1.1953 e la Costituzione del 31.1.1946 (le parti che non sono state abrogare) /$cl'esposizione del compagno Edvard Kardel. 260 $aFiume :$bEDIT,$c1953. 300 $a136 p. : ;$c17 cm 651 4$aJugoslavia$xStoria.$0(OLS)http://pul/subject/19262 700 1 $aKardelj, Edward,$d1910-$0(OLS)http://pul/name/15251 850 $aPUL 852 $aPUL$W1$xDP2 Diritto e Scienze Sociali 1$y65$m175 A 60$j51170$nBK-PRI$qStampati$B51170$CPULBib$Z2$F51170 $H18979 $82 910 $aIugoslavia$998383 941 1 $a8 960 $aYugoslavia$919262 960 $aIugoslavia$919262 961 $aINV: 18979 996 $6245$aLa Costituzione della Repubblica federativa popolare di Jugoslavia :$bla legge costituzionale del 13.1.1953 e la Costituzione del 31.1.1946 (le parti che non sono state abrogare)$9(OLS)http://pul/title/51010 996 $6260$aFiume :$bEDIT$9(OLS)http://pul/publisher/63322 LEADER 01943nam a2200337 u 4500 001 000000063639 003 CaOOAMICUS 005 20070226121252.0 008 011031m19721979be u000 u lat u 035 $a10908561 040 $aPUL(R)$bita 245 00$aThesaurus Bonaventurianus /$csous la direction de Christian Wenin ; realisés par Jacqueline Hamesse. 260 $aLouvain :$bCETDOC,$c1972-1979. 300 $a3 v. ;$c25 cm 490 1 $aInformatique et étude de textes ;$vIII.1-3 505 0 $aV. I. S. Bonaventure, Itinerarium in mentis, De reductione artium ad theologiam, concordance - indices. -- v. II. S. Bonaventure, Breviloqium, concordance - indices. -- v. III. S. Bonaventure, Collationes de septem donis Spiritus Sancti, concordance - indices. 600 04$aBonaventura,$cs., card.,$dc. 1217-1274.$tOpere$9(Bonaventura, s., card., c. 1217-1274).$0(OLS)http://pul/subject/23810 700 1 $aWenin, Christian.$0(OLS)http://pul/name/15166 700 0 $aBonaventura,$cs., card.,$dc. 1217-1274.$0(OLS)http://pul/name/5448 700 1 $aHamesse, Jacqueline.$0(OLS)http://pul/name/4053 830 0$aInformatique et étude de textes ;$vIII.1-3.$0(OLS)http://pul/title/22260 850 $aPUL 852 $aPUL$W1$xSL Religione 1$y3$m74 A 16-18$j82565$nBK-PRI$b $qStampati$B82565$CPULBib$Z2$F82565 $H $81 852 $aPUL$W1$xSL Religione 1$y3$m74 A 16-18$j82565$nBK-PRI$b $qStampati$B82566$CPULBib$Z2$F82566 $H $81 852 $aPUL$W1$xSL Religione 1$y3$m74 A 16-18$j82565$nBK-PRI$b $qStampati$B82567$CPULBib$Z2$F82567 $H $81 941 1 $a8 961 $aINV: 49466 - 49468 - 49467 961 $aINV: 49466 - 49468 - 49467 961 $aINV: 49466 - 49468 - 49467 996 $6245$aThesaurus Bonaventurianus$9(OLS)http://pul/title/84841 996 $6260$aLouvain :$bCETDOC$9(OLS)http://pul/publisher/70674